| 000 | 01134nac a22003617a 4500 | ||
|---|---|---|---|
| 001 | BR0809502 | ||
| 003 | BR-BrBNA | ||
| 005 | 20240105123716.0 | ||
| 008 | 230509b bl.|||m| |||| 00| 0 por d | ||
| 040 |
_aBR-BrBNA _bpor _cBiblioteca Nacional de Agricultura |
||
| 072 | _aP33; P36 | ||
| 090 | _a2110 BR0809502 | ||
| 100 | 1 | _aAraújo, Q.R. de | |
| 100 | 1 | _aAraújo, R.K.P. | |
| 100 | 1 | _aNey, J.R.M. | |
| 110 | 1 |
_aCentro de Pesquisa do Cacau, Ilhéus, BA (Brasil) _91613 |
|
| 245 | 1 | _aIndicadores de sustentabilidade para aferição da qualidade do solo e da saúde do cultivo | |
| 260 | 3 |
_aIlhéus, BA (Brasil): _c2008. |
|
| 300 | _a24 p. | ||
| 490 |
_aBoletim Técnico - Centro de Pesquisa do Cacau (Brazil) _vno. 193 _xISSN 0100-0845 |
||
| 500 | _aSummaries (En, Pt); 17 ref. | ||
| 650 | _aSOLO | ||
| 650 | _aLEVANTAMENTO | ||
| 650 | _aRECONHECIMENTO DO SOLO | ||
| 650 | _aMÉTODO | ||
| 650 | _aECOLOGIA VEGETAL | ||
| 650 | _aCACAU | ||
| 650 | _aTHEOBROMA CACAO | ||
| 650 | _aMANDIOCA | ||
| 856 | 4 | 0 | _dLink DSPACE/MAPA BR0809502 |
| 909 |
_a202312 _bLúcia Elande _c55 _dLúcia Elande |
||
| 942 |
_2AGRIS _n0 _cMS |
||
| 999 |
_c296650 _d296650 |
||